| Tag |
First Indicator |
Second Indicator |
Subfields |
| LEADER |
00000pam a2200000 a 4500 |
| 001 |
in00000076790 |
| 005 |
20151008054934.0 |
| 008 |
801010s1981 nyu b 00110 engm |
| 010 |
|
|
|a 79007114
|
| 020 |
|
|
|a 0385151098 :
|c $14.95
|
| 035 |
|
|
|a (OCoLC)06915853
|
| 035 |
|
|
|9 AAJ2114AM
|
| 040 |
|
|
|a DLC
|c DLC
|d m.c.
|d TXA
|d UtOrBLW
|
| 049 |
|
|
|a TXAM
|c [951808]
|
| 050 |
0 |
0 |
|a HQ1206
|b .L49
|
| 082 |
0 |
|
|a 305.4/2
|2 19
|
| 100 |
1 |
|
|a Lichtenstein, Grace.
|
| 245 |
1 |
0 |
|a Machisma :
|b women and daring /
|c Grace Lichtenstein.
|
| 250 |
|
|
|a 1st ed.
|
| 264 |
|
1 |
|a Garden City, N.Y. :
|b Doubleday,
|c 1981.
|
| 300 |
|
|
|a xii, 369 pages ;
|c 22 cm.
|
| 336 |
|
|
|a text
|b txt
|2 rdacontent
|
| 337 |
|
|
|a unmediated
|b n
|2 rdamedia
|
| 338 |
|
|
|a volume
|b nc
|2 rdacarrier
|
| 500 |
|
|
|a Includes index.
|
| 504 |
|
|
|a Bibliography: pages [349]-356.
|
| 650 |
|
0 |
|a Women
|x Psychology.
|
| 650 |
|
0 |
|a Sex role.
|
| 650 |
|
0 |
|a Assertiveness (Psychology)
|
| 999 |
|
|
|a MARS
|
| 999 |
f |
f |
|s 5902a99b-56d7-3f89-af9c-445e921902be
|i 18f48179-2c73-3743-b1b5-6f52bd428b7e
|t 0
|
| 952 |
f |
f |
|p ric
|a Texas A&M University
|b Rellis Campus
|c Joint Library Facility
|d Remote Storage
|t 0
|e HQ1206 .L49
|h Library of Congress classification
|i unmediated -- volume
|m A14806143251
|
| 998 |
f |
f |
|a HQ1206 .L49
|t 0
|l Remote Storage
|